000 00260nam a2200109Ia 4500
008 190912s9999||||xx |||||||||||||| ||und||
100 _aLea,Doug
245 0 _aConcurrent Programming In java
260 _aEngland
_bMcGraw Hill
_c2000
300 _a410
942 _cBK
999 _c7455
_d7455